Territorial Changes After the Cold War - Statistics

General Stats
  • This quiz has been taken 3,903 times
    3,885 since last reset
  • The average score is 23 of 34
Answer Stats
Dissolved % Correct
Soviet Union
94%
Yugoslavia
91%
Estonia
90%
Latvia
90%
Lithuania
90%
Ukraine
90%
Kazakhstan
88%
Serbia and Montenegro
88%
Belarus
87%
Croatia
85%
Uzbekistan
85%
Tajikistan
84%
Bosnia and Herzegovina
83%
Slovakia
83%
Slovenia
83%
Turkmenistan
83%
Armenia
82%
Kyrgyzstan
82%
Azerbaijan
81%
Czechoslovakia
81%
Czech Republic
81%
Georgia
81%
East Germany
79%
Macedonia
78%
Moldova
77%
Russia
66%
Yemen
30%
South Yemen
23%
Eritrea
22%
North Yemen
21%
Namibia
14%
Palau
12%
F. S. Micronesia
10%
Marshall Islands
10%
No matching quizzes found
Score Distribution
Percent of People with Each Score
Percentile by Number Answered
Your Score History
You have not taken this quiz since the last reset